00778nam a2200229Ii 45000010005000000030009000050080041000140200015000550400033000700410008001030820015001111000027001262450048001532640053002013000012002543360026002663370028002923380027003209400050003479990017003979520134004144684CO-ViMGA241108s9999||||xx |||||||||||||| ||und|| a9582813350 aCO-ViMGAbspaerdacCO-ViMGA0 aspa04a291.4 k71u1 aJonathan Kramer94870210aUna dieta espiritual para alimentar el alma 1aBogotá, Colombia : Círculo de lectores, 2002 avolumen atextbtxt2rdacontent aunmediatedbn2rdamedia avolumebnc2rdacarrier aidficha_siabuc: 4565. -- ficha_no_siabuc:4684 c43344d43344 001040708001aMEVIGERRbMEVIGERRcGENd2006-11-27o291.4 k71upECA3628r2024-11-26 09:16:23tEj.1w2024-11-26yBKz4565 | 6618